000 00497nam a2200193 a 4500
001 1766824440673
003 YourLibrary
005 20251229124156.0
008 251227s2006##################000#0#eng##
020 _a9783039109555
082 0 4 _a207.5
_bTIR
100 1 _aTirri, Kirsi,
_eauthor.
245 1 0 _aReligion, Spirituality and Identity :
260 _bPeter Lang,
_c2006.
300 _a238 pages
650 0 _aEducation.
942 _cENGLISH
040 _aYourLibrary
_beng
_cYourLibrary
999 _c605620
_d605620